Responses for Show #1303 - Wednesday, April 11, 1990

Contestants

[<< previous game]

Roy Jimenez, a software developer from Sonoma, California

Bill Schwartz, a deputy district attorney from San Pedro, California

Ed Borasky, a supercomputer programmer from Aloha, Oregon (whose 3-day cash winnings total $38,025)

[next game >>]

Jeopardy! Round responses

EUROPEAN HISTORY
SINGERS & THEIR ROLES
LEGAL LINGO
MEDICAL MATTERS
COMMON BONDS
MARK TWAIN
    $100 27
Sparta

Bill
    $100 30
Judy Garland

Roy
    $100 13
petty & grand

Bill
    $100 11
blood pressure

Roy
    $100 9
the name of Lawrence

Roy
    $100 1
read

Roy
    $200 26
Ferdinand & Isabella

Bill
    $200 29
David Bowie

Roy
    $200 28
alibi

Ed
    $200 16
practitioner

Roy
    $200 20
Jesse Jackson's projects

Bill
    $200 6
Tom Sawyer

Roy
    $300 4
Ireland

Roy
    $300 24
Tina Turner

Roy
    $300 14
retainer

Bill
    $300 25
intern

Roy
    $300 23
(Alex: With less than a minute to go in the round.)

styles of printing

Roy
    $300 8
(Bill: What is a buildup of sediment?)
(Ed: What is drought?)

outbreak of the Civil War

EdBill
Triple Stumper
    $400 2
Weimar Republic

Roy
    $400 5
Bobby Darin

Ed
    $400 10
moot court

Ed
    $400 15
glucose

Ed
    $400 18
(Alex: All connected to strings.)

all stringed

Bill
    $400 21
Virginia City

Ed
    $500 3
Avignon

Bill
    $500 7
Peggy Lee

Ed
    $500 12
(Roy: What is estop?)

foreclose

EdRoy
    $900 17
-itis

Roy
    $500 19
(Alex: Well done! We thought that might catch somebody!)

things you pump

Ed
    $500 22
(Roy: What is "An Innocent Abroad?")
(Bill: What is "Innocents Abroad?")
--------------------------
(Alex: We had to be specific on that one!)

The Innocents Abroad

BillRoy
Triple Stumper

Scores at the first commercial break (after clue 14):

Ed Bill Roy
$1,500 $600 $700

Scores at the end of the Jeopardy! Round:

Ed Bill Roy
$3,000 $1,000 $2,500

Double Jeopardy! Round responses

FOREIGN WORDS & PHRASES
DRAMA
COUNTRIES OF THE WORLD
REFERENCE BOOKS
PEOPLE
WHALES
    $200 1
Sturm und Drang

Roy
    $200 3
Night

Roy
    $200 11
Ecuador

Ed
    $200 9
movies

Bill
    $200 8
(Bill: Jill Eikenberry and Tucker.)
(Alex: Can't accept that.)
...
(Alex: Bill, remember to phrase it in the form of a question... you had a momentary slip there.)

Michael Tucker & Jill Eikenberry

EdBill
    $200 7
blowhole

Ed
    $400 2
guerrilla

Ed
    $400 12
Abe Lincoln

Ed
    $400 13
Finland

Ed
    $400 10
(Roy: What is the Random House?)
(Ed: What is the Americana?)
(Bill: What is the World Book?)
(Alex: Collier's [looks straight into the camera]--thank you for your assistance!)

Collier's

EdBillRoy
Triple Stumper
    $400 14
Queen Elizabeth II

Roy
    $400 17
Japan

Ed
    $600 4
savoir-faire

Roy
    $600 15
Death of a Salesman

Roy
    $600 21
Namibia

Ed
    $600 19
(The) Joy of Cooking

Roy
    $600 18
George Zaharias

Ed
    $600 22
blue whale

Roy
    $800 5
gung-ho

Roy
    $800 16
Blithe Spirit

Ed
    $800 23
Vietnam

Roy
    $800 25
(Alex: Less than a minute to go.)

Lisa Marie Presley

Triple Stumper
    $2,000 29
(Ed: What is a right whale?)
[The end-of-round signal sounds.]

humpback

Ed
    $1000 6
baksheesh

Ed
    $3,000 20
The Children's Hour

Roy
    $1000 24
[Clue appeared that way during the taping.]

Bahrain

Triple Stumper
    $1000 27
Physicians' Desk Reference

Ed
    $1000 26
Albert Brooks

Bill
    $1000 28
narwhal

Ed

Scores at the end of the Double Jeopardy! Round:

Ed Bill Roy
$7,800 $1,600 $9,900

[wagering suggestions for these scores]

Final Jeopardy! Round responses

THE ROARING '20s
BillWhat is Harlem Renaissance
$1,500
EdWhat is Harlem Night
$7,800
RoyWhat was the Harlem Renaissance
$5,701
the Harlem Renaissance

Final scores:

Ed Bill Roy
$0 $3,100 $15,601
3rd place: Sears Lighthouse Collection curio cabinet 2nd place: Profile vertical blinds & Hartco parquet floor tiles New champion: $15,601

Game dynamics:

Coryat scores:

Ed Bill Roy
$9,800 $1,600 $7,500
21 R,
3 W
(including 1 DD)
9 R,
4 W
23 R
(including 2 DDs),
3 W

Combined Coryat: $18,900

[game clues] [game scores] [suggest correction]

Game tape date: 1989-11-14
The J! Archive is created by fans, for fans. Scraping, republication, monetization, and malicious use prohibited; this site may use cookies and collect identifying information. See terms. The Jeopardy! game show and all elements thereof, including but not limited to copyright and trademark thereto, are the property of Jeopardy Productions, Inc. and are protected under law. This website is not affiliated with, sponsored by, or operated by Jeopardy Productions, Inc. Join the discussion at JBoard.tv.